| Tag |
First Indicator |
Second Indicator |
Subfields |
| LEADER |
00000cam a2200000 a 4500 |
| 001 |
in00000970793 |
| 005 |
20150927150756.0 |
| 008 |
901031s1990 dcua b f00000 eng d |
| 010 |
|
|
|a (DG91054449
|
| 020 |
|
|
|c $3.00
|
| 035 |
|
|
|a (OCoLC)22611827
|
| 035 |
|
|
|9 AEX1940AM
|
| 037 |
|
|
|a 052-003-01213-8
|b GPO
|
| 040 |
|
|
|a DGPO
|c DGPO
|d DLC
|d UtOrBLW
|
| 043 |
|
|
|a n-us---
|
| 074 |
|
|
|a 1070-M
|
| 086 |
0 |
|
|a Y 3.T 22/2:2 C 16/4
|
| 088 |
|
|
|a OTA-BP-H-74
|
| 245 |
0 |
0 |
|a Costs and effectiveness of colorectal cancer screening in the elderly /
|c Judith L. Wagner [and others].
|
| 264 |
|
1 |
|a Washington, DC :
|b Health Program, Office of Technology Assessment, U.S. Congress :
|c [1990]
|
| 264 |
|
2 |
|a Washington, DC :
|b For sale by the Supt. of Docs., U.S. G.P.O.,
|
| 300 |
|
|
|a v, 56 pages :
|b illustrations ;
|c 26 cm.
|
| 336 |
|
|
|a text
|b txt
|2 rdacontent
|
| 337 |
|
|
|a unmediated
|b n
|2 rdamedia
|
| 338 |
|
|
|a volume
|b nc
|2 rdacarrier
|
| 490 |
1 |
|
|a Preventive health services under Medicare.
|a Background paper ;
|v 5
|
| 500 |
|
|
|a Shipping list number: 90-675-P.
|
| 500 |
|
|
|a "September 1990."
|
| 504 |
|
|
|a Includes bibliographical references (pages 49-56).
|
| 500 |
|
|
|a "OTA-BP-H-74"--P. [4] of cover.
|
| 650 |
|
0 |
|a Colon (Anatomy)
|x Cancer
|x Diagnosis
|x Cost effectiveness.
|
| 650 |
|
0 |
|a Rectum
|x Cancer
|x Diagnosis
|x Cost effectiveness.
|
| 650 |
|
0 |
|a Preventive health services
|z United States.
|
| 650 |
|
0 |
|a Diagnostic services
|z United States.
|
| 650 |
|
0 |
|a Medical care, Cost of
|z United States.
|
| 650 |
|
0 |
|a Older people
|x Diseases
|z United States.
|
| 700 |
1 |
|
|a Wagner, Judith L.
|
| 710 |
1 |
|
|a United States.
|b Congress.
|b Office of Technology Assessment.
|b Health Program.
|
| 830 |
|
0 |
|a Preventive health services under Medicare.
|p Paper ;
|v 5.
|
| 999 |
|
|
|a MARS
|
| 999 |
f |
f |
|s 2ef51a06-c5f8-3596-91a1-24feae0a39ae
|i 0a546a99-98d7-3830-b1e6-f1541516668f
|t 0
|
| 952 |
f |
f |
|p normal
|a Texas A&M University
|b College Station
|c Sterling C. Evans Library
|d Evans: US Documents (Annex 5th floor)
|t 0
|e Y 3.T 22/2:2 C 16/4
|h Superintendent of Documents classification
|i unmediated -- volume
|m A14815221846
|
| 998 |
f |
f |
|a Y 3.T 22/2:2 C 16/4
|t 0
|l Evans: US Documents (Annex 5th floor)
|